|
|
|
|
| LEADER |
00000nab a2200000 a 4500 |
| 001 |
vtls008996855 |
| 003 |
SK-MaSNL |
| 005 |
20260303065753.0 |
| 008 |
140512c2007 xo dr|p|||||||000 b|slo |
| 015 |
|
|
|a SNBRB2007/06
|2 snkbucl
|
| 038 |
|
|
|a SNKBUCL
|
| 040 |
|
|
|a SNKBUCL
|b slo
|c SNKBUCL
|e AACR2
|
| 041 |
|
|
|a slo
|
| 044 |
|
|
|a xo
|c SK
|
| 080 |
|
|
|a 791.635
|2 2001
|
| 245 |
0 |
0 |
|a Zomrel J.-C. Brialy
|c [autor] (kk)
|
| 300 |
|
|
|b Fotogr.
|
| 500 |
|
|
|a Od 15.1.2007 návrat k pôvodnému vročeniu
|
| 600 |
1 |
7 |
|a Brialy, Jean-Claude,
|d 1933-2007
|2 snkbucl
|9 56718
|
| 773 |
0 |
|
|t Sme
|g Roč. 15, č. 125 (1.6.2007)
|x 1335-440X
|
| 773 |
0 |
8 |
|t Kultúra
|g S. 22
|
| 852 |
|
|
|a SNK
|b KIS3GCP
|
| 958 |
|
|
|a FR
|
| 999 |
|
|
|c 1752615
|d 1754545
|